000 00867nam0a22002411 4500
001 rc\2724706
005 20250529131552.0
035 _a(NLR Aleph) 006852247
090 _a6759401
_c6759401
100 _a20110915d1938 |||y0rusy50 ca
101 0 _arus
102 _aRU
105 _aa z |||||
200 1 _aПуть мастера
_fН. Обрезкова, мастер связи, телефонистка ручной телефонной станции [Щелково, Моск. обл.]
210 _aМосква
_cСвязьтехиздат
_d1938
_gТип. изд-ва "Дер эмес"
215 _a12 с.
_cил.
_d15 см.
225 1 _aБиблиотечка стахановца связиста
700 1 _aОбрезкова
_bН.
801 0 _aRU
_bNLR
_gpsbo
801 1 _aRU
_bELAR
_2rusmarc
852 _aNLR
_j38-8/120
942 _cBOOK
980 _aNB